[Event "BEM 02 U18/U16"]
[Site "Salzgitter-Lebenstedt"]
[Date "2002.09.28"]
[Round "1.1"]
[White "Jakobeit, David"]
[Black "Köhn, Christoph"]
[Result "1-0"]
[WhiteElo "1807"]
[BlackElo "1226"]
[PlyCount "79"]
[EventDate "2002.09.28"]

1. e4 e6 2. d4 d5 3. Nc3 c5 4. exd5 exd5 5. dxc5 d4 6. Ne4 Nf6 7. Qe2 Nxe4 8.
Qxe4+ Qe7 9. Qxe7+ Bxe7 10. Nf3 Bxc5 11. Bd3 Nc6 12. O-O O-O 13. Bf4 Nb4 14.
Rfd1 Nxd3 15. Rxd3 Bf5 16. Rd2 Bb4 17. Rxd4 Be7 18. c3 Bf6 19. Rd2 Be4 20. Nd4
Bxd4 21. Rxd4 Bc6 22. Rad1 h6 23. f3 Rae8 24. Kf2 Re6 25. Re1 Rxe1 26. Kxe1
Re8+ 27. Kd2 Bb5 28. c4 Ba6 29. b4 b5 30. c5 Bc8 31. c6 g5 32. Bg3 h5 33. Rd5
a6 34. Rxg5+ Kh7 35. Rxh5+ Kg6 36. Rd5 Be6 37. Rd6 Rc8 38. c7 Rxc7 39. Rxe6+
fxe6 40. Bxc7 1-0

[Event "BEM 02 U18/U16"]
[Site "Salzgitter-Lebenstedt"]
[Date "2002.09.28"]
[Round "1.2"]
[White "Alker, Dennis"]
[Black "Barrmeyer, Konstantin"]
[Result "0-1"]
[WhiteElo "1139"]
[BlackElo "1569"]
[PlyCount "50"]
[EventDate "2002.09.28"]

1. e4 e6 2. d4 d5 3. Nc3 Nf6 4. e5 Nfd7 5. a3 c5 6. Nge2 cxd4 7. Nxd4 Nxe5 8.
Bf4 Nec6 9. Nf3 Bc5 10. b4 Bb6 11. g3 Nd7 12. Bg2 O-O 13. O-O a6 14. Re1 Bc7
15. Qd2 Nb6 16. Bxc7 Qxc7 17. Qg5 Nxb4 18. axb4 Qxc3 19. Qd2 Qxd2 20. Nxd2 Bd7
21. c3 Rfc8 22. Rec1 Rc7 23. Ra2 Rac8 24. Rac2 Ba4 25. Ra2 Rxc3 0-1

[Event "BEM 02 U18/U16"]
[Site "Salzgitter-Lebenstedt"]
[Date "2002.09.28"]
[Round "1.3"]
[White "Flassig, Stefan"]
[Black "Bazan, Jan-Lennart"]
[Result "1-0"]
[WhiteElo "1343"]
[BlackElo "1134"]
[PlyCount "49"]
[EventDate "2002.09.28"]

1. e4 e5 2. Nf3 Nc6 3. d4 d6 4. Bc4 Bg4 5. c3 Nf6 6. Qb3 Qd7 7. Bxf7+ Qxf7 8.
Qxb7 Rb8 9. Qxc6+ Kd8 10. dxe5 Bxf3 11. gxf3 dxe5 12. Ke2 Qd7 13. Qxd7+ Kxd7
14. Nd2 Bc5 15. Rg1 g6 16. Nc4 Rhf8 17. Nxe5+ Ke6 18. Nd3 Bd6 19. h3 Nd7 20.
Rg5 Rf7 21. f4 Be7 22. Ra5 Rb7 23. Be3 c5 24. Ra6+ Bd6 25. e5 1-0

[Event "BEM 02 U18/U16"]
[Site "Salzgitter-Lebenstedt"]
[Date "2002.09.28"]
[Round "1.4"]
[White "Hüttel, Eric"]
[Black "Schröder, Janet"]
[Result "0-1"]
[WhiteElo "1130"]
[BlackElo "1289"]
[PlyCount "66"]
[EventDate "2002.09.28"]

1. e4 e6 2. d4 d5 3. Nc3 c5 4. Be3 Nc6 5. dxc5 d4 6. Bd2 dxc3 7. Bxc3 f6 8. Bb5
Qxd1+ 9. Rxd1 Bxc5 10. Ne2 Nge7 11. O-O O-O 12. Rd3 a6 13. Bc4 b5 14. Bb3 b4
15. Bd2 a5 16. Rg3 Kf7 17. Rg4 Ba6 18. Re1 Bxe2 19. Rxe2 Ne5 20. Rf4 a4 21.
Bxe6+ Kxe6 22. Kf1 g5 23. Rf5 Nxf5 24. exf5+ Kxf5 25. f3 h5 26. g4+ hxg4 27.
fxg4+ Nxg4 28. h3 Ne5 29. Kg2 Rh8 30. Re1 Rad8 31. Rf1+ Kg6 32. Be1 g4 33. Rg1
Bxg1 0-1

[Event "BEM 02 U18/U16"]
[Site "Salzgitter-Lebenstedt"]
[Date "2002.09.28"]
[Round "1.5"]
[White "Habekost, Drees"]
[Black "Rummel, Florian"]
[Result "1-0"]
[WhiteElo "1261"]
[BlackElo "1082"]
[PlyCount "79"]
[EventDate "2002.09.28"]

1. d4 d5 2. c4 Nf6 3. Nf3 Nc6 4. Nc3 Bf5 5. Bg5 e6 6. e3 Nb4 7. Rc1 Be7 8. Bxf6
Bxf6 9. cxd5 exd5 10. Qb3 Be7 11. a3 Nc6 12. Nxd5 Be6 13. Bc4 Na5 14. Qa4+ c6
15. Nxe7 Nxc4 16. Nxc6 bxc6 17. Qxc6+ Kf8 18. Rxc4 Bxc4 19. Qxc4 Rc8 20. Qb4+
Qe7 21. Qxe7+ Kxe7 22. Kd2 Rb8 23. b4 f6 24. Rc1 Rhc8 25. Rxc8 Rxc8 26. Ne1 Rc7
27. Nd3 Kd7 28. Nc5+ Kc6 29. Kd3 Kd5 30. e4+ Kd6 31. f4 Re7 32. d5 Rf7 33. Kd4
g5 34. e5+ fxe5+ 35. fxe5+ Ke7 36. d6+ Kd8 37. Ne6+ Kd7 38. Nxg5 Rf5 39. Ne4
Ke6 40. Nc5+ 1-0

[Event "BEM 02 U18/U16"]
[Site "Salzgitter-Lebenstedt"]
[Date "2002.09.28"]
[Round "2.1"]
[White "Tomanek, Christian"]
[Black "Jakobeit, David"]
[Result "0-1"]
[WhiteElo "948"]
[BlackElo "1807"]
[PlyCount "54"]
[EventDate "2002.09.28"]

1. e4 c5 2. Nc3 d6 3. Bc4 Nf6 4. d3 e6 5. Bb3 Be7 6. Nf3 O-O 7. Be3 d5 8. e5
Nfd7 9. d4 a6 10. Ne2 c4 11. Bxc4 dxc4 12. c3 Nb6 13. O-O Nd5 14. Bd2 Nd7 15.
Ng3 b5 16. Qe2 Bb7 17. Qe4 Qb6 18. Qg4 f5 19. exf6 N5xf6 20. Qg5 Bxf3 21. gxf3
Nd5 22. Qg4 N7f6 23. Qh3 Rae8 24. Ne4 Kh8 25. Nxf6 Rxf6 26. Rfe1 Bd6 27. Qg4
Rg6 0-1

[Event "BEM 02 U18/U16"]
[Site "Salzgitter-Lebenstedt"]
[Date "2002.09.28"]
[Round "2.2"]
[White "Barrmeyer, Konstantin"]
[Black "Habekost, Drees"]
[Result "1-0"]
[WhiteElo "1569"]
[BlackElo "1261"]
[PlyCount "39"]
[EventDate "2002.09.28"]

1. d4 Nf6 2. c4 e6 3. Nc3 Bb4 4. Bg5 O-O 5. Nf3 c5 6. d5 d6 7. Qc2 a6 8. Nd2 h6
9. Bh4 g5 10. Bg3 e5 11. f3 Nh7 12. e4 f5 13. exf5 Bxf5 14. Bd3 Bxd3 15. Qxd3
Nf6 16. Qg6+ Kh8 17. Qxh6+ Nh7 18. Nde4 Bxc3+ 19. bxc3 Qe7 20. Qxd6 1-0

[Event "BEM 02 U18/U16"]
[Site "Salzgitter-Lebenstedt"]
[Date "2002.09.28"]
[Round "2.3"]
[White "Schröder, Janet"]
[Black "Flassig, Stefan"]
[Result "1/2-1/2"]
[WhiteElo "1289"]
[BlackElo "1343"]
[PlyCount "41"]
[EventDate "2002.09.28"]

1. d4 f5 2. Nf3 Nf6 3. Nc3 g6 4. Bf4 Bg7 5. Qd3 d6 6. g3 O-O 7. e4 fxe4 8. Nxe4
Nxe4 9. Qxe4 Nd7 10. Bg2 e5 11. dxe5 Nxe5 12. O-O Re8 13. Rfe1 Rb8 14. Kf1 Bf5
15. Qb4 Kh8 16. Nxe5 dxe5 17. Be3 b6 18. Rad1 Qc8 19. Qa4 a5 20. Bc6 Bh3+ 21.
Kg1 1/2-1/2

[Event "BEM 02 U18/U16"]
[Site "Salzgitter-Lebenstedt"]
[Date "2002.09.28"]
[Round "2.4"]
[White "Köhn, Christoph"]
[Black "Hüttel, Eric"]
[Result "1/2-1/2"]
[WhiteElo "1226"]
[BlackElo "1130"]
[PlyCount "106"]
[EventDate "2002.09.28"]

1. Nf3 d5 2. g3 Nc6 3. Bg2 Nf6 4. d3 h6 5. c4 dxc4 6. O-O cxd3 7. Qxd3 Bg4 8.
Qxd8+ Rxd8 9. Nc3 e6 10. Bf4 Nd5 11. Nxd5 Rxd5 12. Bxc7 g5 13. Rad1 Bg7 14.
Rxd5 exd5 15. Bd6 Kd7 16. Bc5 b6 17. Ba3 Re8 18. e3 f5 19. Rd1 Ke6 20. Rd2 Rc8
21. h3 Bxh3 22. Nxg5+ hxg5 23. Bxh3 g4 24. Bg2 Ne5 25. Bxd5+ Kf6 26. Bb7 Rc1+
27. Kg2 Nc4 28. Rd7 Bh6 29. Be7+ Ke6 30. Bc8 Nxe3+ 31. fxe3 Rc2+ 32. Kf1 Rxc8
33. Rxa7 Bxe3 34. Ba3 Re8 35. Ra6 Kd5 36. Ra7 Bc5 37. Bxc5 bxc5 38. Ra5 Rb8 39.
b3 Rb4 40. Ke2 Kd4 41. Kd2 f4 42. gxf4 g3 43. Ke2 Ke4 44. Rxc5 Kxf4 45. Rc4+
Rxc4 46. bxc4 Ke4 47. a4 Kd4 48. a5 Kc5 49. a6 Kb6 50. c5+ Kxa6 51. Kf3 g2 52.
Kxg2 Kb7 53. c6+ Kxc6 1/2-1/2

[Event "BEM 02 U18/U16"]
[Site "Salzgitter-Lebenstedt"]
[Date "2002.09.28"]
[Round "2.5"]
[White "Bazan, Jan-Lennart"]
[Black "Alker, Dennis"]
[Result "1/2-1/2"]
[WhiteElo "1134"]
[BlackElo "1139"]
[PlyCount "73"]
[EventDate "2002.09.28"]

1. d4 c5 2. c4 cxd4 3. Qxd4 Nc6 4. Qd1 Nf6 5. Nc3 e5 6. Bg5 Be7 7. Nf3 Qa5 8.
Qd2 O-O 9. e3 Rd8 10. Bxf6 Bxf6 11. Bd3 b6 12. Nd5 Qxd2+ 13. Nxd2 Bg5 14. Be4
Bb7 15. Nf3 Bh6 16. Ne7+ Nxe7 17. Bxb7 Rab8 18. Be4 d6 19. Rd1 Rd7 20. Nxe5
Rdd8 21. Nc6 Nxc6 22. Bxc6 Rbc8 23. Bd5 g6 24. b3 Bg7 25. O-O Bc3 26. Rd3 Bb4
27. Rfd1 Rc5 28. Bf3 Ra5 29. a4 a6 30. e4 f6 31. Be2 Re5 32. Bf3 Rde8 33. Re3
Bc5 34. Re2 f5 35. Rde1 Bb4 36. Rd1 fxe4 37. Bg4 1/2-1/2

[Event "BEM 02 U18/U16"]
[Site "Salzgitter-Lebenstedt"]
[Date "2002.09.29"]
[Round "3.1"]
[White "Jakobeit, David"]
[Black "Barrmeyer, Konstantin"]
[Result "1/2-1/2"]
[WhiteElo "1807"]
[BlackElo "1569"]
[PlyCount "92"]
[EventDate "2002.09.28"]

1. e4 e6 2. d4 d5 3. exd5 exd5 4. Bd3 Nc6 5. c3 Bd6 6. Ne2 Nge7 7. Qc2 Ng6 8.
Be3 Be6 9. Nd2 Qd7 10. O-O-O Nce7 11. h3 Nf5 12. Rde1 Nxe3 13. fxe3 f5 14. Rhf1
Ne7 15. Nf3 g6 16. Nf4 Rf8 17. Kb1 Bg8 18. Qf2 O-O-O 19. Bc2 Rde8 20. Nd3 c6
21. Nfe5 Qc7 22. Qd2 c5 23. Nf3 c4 24. Nde5 b5 25. g4 fxg4 26. hxg4 Nc6 27.
Nxc6 Qxc6 28. Qg2 Kc7 29. Nd2 Rxf1 30. Qxf1 Rf8 31. Qg2 Re8 32. Re2 Re7 33. e4
dxe4 34. Bxe4 Qe8 35. Rf2 Be6 36. a3 Bd7 37. Ka2 a5 38. Bd5 Bc6 39. a4 b4 40.
Nxc4 Bxd5 41. Qxd5 Qxa4+ 42. Na3 bxa3 43. b3 Qc6 44. Qxa5+ Kd7 45. Qa7+ Ke8 46.
Qa5 Kd7 1/2-1/2

[Event "BEM 02 U18/U16"]
[Site "Salzgitter-Lebenstedt"]
[Date "2002.09.29"]
[Round "3.2"]
[White "Flassig, Stefan"]
[Black "Tomanek, Christian"]
[Result "1-0"]
[WhiteElo "1343"]
[BlackElo "948"]
[PlyCount "75"]
[EventDate "2002.09.28"]

1. e4 e5 2. Nf3 Nc6 3. d4 exd4 4. Nxd4 Bc5 5. Be3 d6 6. Nxc6 bxc6 7. Bxc5 dxc5
8. Qxd8+ Kxd8 9. Nd2 Be6 10. Rd1 Ke7 11. Bc4 Nf6 12. f3 Bd7 13. Nb3 Be6 14.
Bxe6 fxe6 15. Nxc5 Rab8 16. b3 e5 17. g4 Rb5 18. Nd3 g5 19. b4 Nd7 20. h4 Kf6
21. hxg5+ Kxg5 22. c3 Nf8 23. a4 Rb8 24. Rh5+ Kf6 25. Nxe5 Rb6 26. Nd7+ Nxd7
27. Rxd7 Kg6 28. Rxc7 a6 29. Rc5 Rbb8 30. f4 Rhf8 31. R5xc6+ Rf6 32. Rxf6+ Kxf6
33. Rxh7 Rd8 34. Ke2 Kg6 35. Rb7 Rf8 36. Rb6+ Rf6 37. Rxf6+ Kxf6 38. g5+ 1-0

[Event "BEM 02 U18/U16"]
[Site "Salzgitter-Lebenstedt"]
[Date "2002.09.29"]
[Round "3.3"]
[White "Habekost, Drees"]
[Black "Schröder, Janet"]
[Result "1-0"]
[WhiteElo "1261"]
[BlackElo "1289"]
[PlyCount "75"]
[EventDate "2002.09.28"]

1. d4 e6 2. c4 d5 3. Nc3 Bb4 4. Nf3 Nc6 5. e3 Nf6 6. a3 Bxc3+ 7. bxc3 O-O 8.
cxd5 exd5 9. c4 Bg4 10. cxd5 Qxd5 11. Be2 Ne4 12. Bd2 Na5 13. Bxa5 Qxa5+ 14.
Nd2 Nxd2 15. Qxd2 Qxd2+ 16. Kxd2 Bxe2 17. Kxe2 f5 18. Rhc1 c6 19. Rab1 Rab8 20.
Rc5 g6 21. f3 Rf6 22. e4 Re6 23. Kd3 f4 24. g3 b6 25. Rc3 Rf8 26. g4 g5 27.
Rbc1 Rff6 28. Rh1 h5 29. Rg1 Rh6 30. Rc2 Kf7 31. gxh5 Rxh5 32. Rcg2 Kf6 33. Rg4
Rh3 34. e5+ Kf7 35. Ke4 Rxh2 36. Rxg5 Ra2 37. Rg7+ Kf8 38. Rg8+ 1-0

[Event "BEM 02 U18/U16"]
[Site "Salzgitter-Lebenstedt"]
[Date "2002.09.29"]
[Round "3.4"]
[White "Rummel, Florian"]
[Black "Köhn, Christoph"]
[Result "1/2-1/2"]
[WhiteElo "1082"]
[BlackElo "1226"]
[PlyCount "108"]
[EventDate "2002.09.28"]

1. e4 e6 2. d4 d5 3. exd5 exd5 4. Nc3 Nf6 5. Nf3 Bb4 6. Bd2 Nc6 7. Qe2+ Qe7 8.
Qxe7+ Nxe7 9. O-O-O Bg4 10. Nb5 Bxd2+ 11. Rxd2 O-O 12. h3 Bd7 13. Nxc7 Rac8 14.
Nb5 Bxb5 15. Bxb5 a6 16. Bd3 Ne4 17. Re2 f5 18. g4 fxg4 19. hxg4 Rxf3 20. Bxe4
dxe4 21. Rxe4 Ng6 22. Rhe1 Rxf2 23. Re8+ Rxe8 24. Rxe8+ Nf8 25. d5 Rf4 26. d6
Kf7 27. Re7+ Kg6 28. d7 Rd4 29. c3 Rd5 30. c4 Rd4 31. d8=Q Rxd8 32. Rxb7 Rd6
33. b4 Rc6 34. c5 a5 35. bxa5 Rxc5+ 36. Kb2 Rxa5 37. Kb3 Re5 38. a4 Re4 39.
Rb6+ Kg5 40. Rb4 Rxb4+ 41. Kxb4 Nd7 42. Kb5 Kf6 43. a5 Nb8 44. Kb6 Nd7+ 45. Kc7
Nc5 46. Kc6 Na6 47. Kb7 Nc5+ 48. Kc6 Ke7 49. Kxc5 Kd8 50. Kb6 Kc8 51. a6 Kb8
52. Kc5 g6 53. Kd4 h5 54. gxh5 gxh5 1/2-1/2

[Event "BEM 02 U18/U16"]
[Site "Salzgitter-Lebenstedt"]
[Date "2002.09.29"]
[Round "3.5"]
[White "Hüttel, Eric"]
[Black "Bazan, Jan-Lennart"]
[Result "1-0"]
[WhiteElo "1130"]
[BlackElo "1134"]
[PlyCount "67"]
[EventDate "2002.09.28"]

1. e4 e5 2. Bc4 Nf6 3. Nc3 Bb4 4. d3 d6 5. h3 Nc6 6. Nf3 Nd4 7. Ng5 Ne6 8. O-O
Nxg5 9. Bxg5 Be6 10. Nd5 Bxd5 11. exd5 Qd7 12. c3 Ba5 13. a4 c6 14. dxc6 bxc6
15. b4 Bc7 16. d4 d5 17. Bb3 Qd6 18. dxe5 Qxe5 19. Re1 Ne4 20. f4 Bb6+ 21. Kh2
Qxc3 22. Rxe4+ dxe4 23. Bxf7+ Kxf7 24. Qd7+ Kg6 25. Qe6+ Qf6 26. Bxf6 gxf6 27.
Qxe4+ f5 28. Qe6+ Kg7 29. Qd7+ Kf6 30. Qxc6+ Ke7 31. Re1+ Kf7 32. Qe6+ Kg7 33.
Qe7+ Kg6 34. Re6+ 1-0

[Event "BEM 02 U18/U16"]
[Site "Salzgitter-Lebenstedt"]
[Date "2002.09.29"]
[Round "4.1"]
[White "Barrmeyer, Konstantin"]
[Black "Flassig, Stefan"]
[Result "1-0"]
[WhiteElo "1569"]
[BlackElo "1343"]
[PlyCount "41"]
[EventDate "2002.09.28"]

1. d4 f5 2. c4 Nf6 3. Nc3 g6 4. Nf3 Bg7 5. e3 O-O 6. b3 d6 7. Be2 c6 8. O-O Qe8
9. Ba3 h6 10. Rc1 Nbd7 11. Qc2 Kh8 12. Rfe1 Qf7 13. Bd3 d5 14. cxd5 cxd5 15.
Nh4 Nb6 16. Bxe7 Re8 17. Bxf6 Bxf6 18. Nf3 Be6 19. Nb5 Qe7 20. Qc7 a6 21. Qxb6
1-0

[Event "BEM 02 U18/U16"]
[Site "Salzgitter-Lebenstedt"]
[Date "2002.09.29"]
[Round "4.2"]
[White "Habekost, Drees"]
[Black "Jakobeit, David"]
[Result "0-1"]
[WhiteElo "1261"]
[BlackElo "1807"]
[PlyCount "92"]
[EventDate "2002.09.28"]

1. d4 Nf6 2. c4 g6 3. Nf3 Bg7 4. Nc3 O-O 5. e3 d6 6. Be2 Nbd7 7. O-O e5 8. dxe5
Nxe5 9. b3 Ne4 10. Bb2 Nxc3 11. Bxc3 Nxf3+ 12. Bxf3 Bxc3 13. Rc1 Bg7 14. Qc2
Bf5 15. e4 Bd7 16. c5 Be5 17. cxd6 cxd6 18. Rfd1 Rc8 19. Qd3 Qg5 20. Rxc8 Rxc8
21. Be2 Rc1 22. g3 Rxd1+ 23. Qxd1 Bh3 24. Kh1 h5 25. Bf1 Bxf1 26. Qxf1 Bg7 27.
Qd3 Qc5 28. Kg2 Qc6 29. Qd5 Qxd5 30. exd5 Kf8 31. f4 Ke7 32. Kf3 Kf6 33. Ke3
Kf5 34. a4 a6 35. h3 Bh6 36. b4 b5 37. axb5 axb5 38. Kf3 Bg7 39. g4+ hxg4+ 40.
hxg4+ Kf6 41. Ke4 Ke7 42. g5 Bc3 43. f5 gxf5+ 44. Kxf5 Bxb4 45. g6 fxg6+ 46.
Kxg6 Bc3 0-1

[Event "BEM 02 U18/U16"]
[Site "Salzgitter-Lebenstedt"]
[Date "2002.09.29"]
[Round "4.3"]
[White "Schröder, Janet"]
[Black "Rummel, Florian"]
[Result "1/2-1/2"]
[WhiteElo "1289"]
[BlackElo "1082"]
[PlyCount "100"]
[EventDate "2002.09.28"]

1. d4 d5 2. c4 dxc4 3. Nc3 Nf6 4. e4 e6 5. Bg5 Be7 6. Bxc4 Nbd7 7. e5 Ng8 8.
Bf4 Nb6 9. Bb3 Bb4 10. Nge2 Nd5 11. Bxd5 exd5 12. Qa4+ c6 13. Qxb4 Bf5 14. Qxb7
Ne7 15. Ng3 Bd3 16. Rd1 Rb8 17. Qxa7 Bc2 18. Rd2 Rxb2 19. O-O O-O 20. Rc1 Nc8
21. Qa3 Qb6 22. Rdxc2 Rxc2 23. Rxc2 Qxd4 24. Nce2 Qd1+ 25. Nf1 Qxc2 26. Nd4 Qe4
27. Be3 Qxe5 28. Nxc6 Qc7 29. Qc5 Re8 30. Qxd5 Ne7 31. Nxe7+ Qxe7 32. g3 Rd8
33. Qb3 Qe6 34. Qb2 h6 35. Nd2 f6 36. h4 g5 37. hxg5 fxg5 38. Bd4 h5 39. Nb3 h4
40. gxh4 Qg4+ 41. Kf1 Qh3+ 42. Ke2 Re8+ 43. Kd2 Qg4 44. Nc1 gxh4 45. Qb3+ Re6
46. Qb8+ Kf7 47. Be3 h3 48. Qf4+ Qxf4 49. Bxf4 Re4 50. Bg3 Rh4 1/2-1/2

[Event "BEM 02 U18/U16"]
[Site "Salzgitter-Lebenstedt"]
[Date "2002.09.29"]
[Round "4.4"]
[White "Alker, Dennis"]
[Black "Hüttel, Eric"]
[Result "1-0"]
[WhiteElo "1139"]
[BlackElo "1130"]
[PlyCount "53"]
[EventDate "2002.09.28"]

1. e4 e5 2. Nf3 Nc6 3. d4 f6 4. Bc4 Nge7 5. Nc3 Nb4 6. dxe5 Ng6 7. exf6 gxf6 8.
a3 Nc6 9. Qd5 Nge5 10. Bf4 Nxc4 11. Qxc4 d6 12. O-O Bg4 13. Nh4 Qd7 14. f3 Bh3
15. gxh3 d5 16. Nxd5 O-O-O 17. Bxc7 Rg8+ 18. Bg3 Rxg3+ 19. hxg3 Qxh3 20. Nf5
Bd6 21. Nxd6+ Rxd6 22. Kf2 Qh2+ 23. Ke3 Kd7 24. Rg1 Re6 25. Rad1 Rxe4+ 26. Qxe4
Qh6+ 27. f4 1-0

[Event "BEM 02 U18/U16"]
[Site "Salzgitter-Lebenstedt"]
[Date "2002.09.29"]
[Round "4.5"]
[White "Köhn, Christoph"]
[Black "Tomanek, Christian"]
[Result "0-1"]
[WhiteElo "1226"]
[BlackElo "948"]
[PlyCount "150"]
[EventDate "2002.09.28"]

1. Nf3 d5 2. d3 Nc6 3. g3 e5 4. Bg2 Bc5 5. O-O d4 6. c3 Bg4 7. cxd4 exd4 8. h3
Bh5 9. Ng5 Qe7 10. Bf3 Bxf3 11. exf3 Nf6 12. Re1 Ne5 13. f4 Qd7 14. Rxe5+ Be7
15. Ne4 O-O-O 16. Nc5 Bxc5 17. Rxc5 Qxh3 18. Qf1 Qh6 19. f5 Qh5 20. Bf4 c6 21.
f3 Rhe8 22. Nd2 Nd5 23. f6 gxf6 24. Ne4 Re6 25. g4 Rg8 26. Kf2 Qh4+ 27. Bg3 Qh6
28. Nd6+ Kd7 29. Nf5 Qd2+ 30. Kg1 Qxb2 31. Qb1 Qxb1+ 32. Rxb1 b6 33. Rc4 c5 34.
Ra4 a5 35. Re1 Rxe1+ 36. Bxe1 h5 37. Nh6 Rg6 38. Nxf7 hxg4 39. fxg4 Rxg4+ 40.
Kf2 Rg7 41. Nh6 Ke6 42. Kf3 f5 43. Rc4 Rg6 44. Bd2 Ne3 45. Bxe3 dxe3 46. Kxe3
Rxh6 47. d4 Kd6 48. dxc5+ bxc5 49. Ra4 f4+ 50. Kf3 Rf6 51. Rxa5 Kd5 52. a4 Kd4
53. Rb5 c4 54. a5 Ra6 55. Kxf4 c3 56. Rb4+ Kd3 57. Rb3 Rxa5 58. Kf3 Kd2 59. Rb6
Rd5 60. Re6 c2 61. Re2+ Kc3 62. Re1 Kb2 63. Ke4 Rd1 64. Re2 Kb1 65. Rxc2 Kxc2
66. Ke3 Kc3 67. Ke2 Rd3 68. Kf2 Kd4 69. Ke2 Ke4 70. Kf2 Rc3 71. Kg2 Kf4 72. Kh2
Kg4 73. Kg2 Rc2+ 74. Kg1 Kf3 75. Kf1 Rc1# 0-1

[Event "BEM 02 U18/U16"]
[Site "Salzgitter-Lebenstedt"]
[Date "2002.09.30"]
[Round "5.1"]
[White "Jakobeit, David"]
[Black "Alker, Dennis"]
[Result "1-0"]
[WhiteElo "1807"]
[BlackElo "1139"]
[PlyCount "55"]
[EventDate "2002.09.28"]

1. e4 e5 2. f4 exf4 3. Nf3 d6 4. d4 g6 5. Bxf4 Bg7 6. Bc4 Nf6 7. Nc3 O-O 8. O-O
b6 9. e5 dxe5 10. dxe5 Qxd1 11. Raxd1 Nh5 12. Ng5 Nxf4 13. Rxf4 Bh6 14. Nce4
Bf5 15. Rh4 Kg7 16. g4 Bxe4 17. Nxe4 Bf4 18. e6 fxe6 19. Bxe6 Re8 20. Rxh7+
Kxh7 21. Nf6+ Kh6 22. Nxe8 Na6 23. Bf7 Be5 24. c3 Nc5 25. Rd5 Bf4 26. Kg2 g5
27. h4 gxh4 28. Rh5# 1-0

[Event "BEM 02 U18/U16"]
[Site "Salzgitter-Lebenstedt"]
[Date "2002.09.30"]
[Round "5.2"]
[White "Rummel, Florian"]
[Black "Barrmeyer, Konstantin"]
[Result "0-1"]
[WhiteElo "1082"]
[BlackElo "1569"]
[PlyCount "78"]
[EventDate "2002.09.28"]

1. d4 Nf6 2. c4 g6 3. Nc3 Bg7 4. Nf3 O-O 5. Bf4 d6 6. e3 Nbd7 7. Bd3 Nh5 8. Bg5
h6 9. Bh4 c6 10. d5 Nc5 11. dxc6 bxc6 12. O-O Bg4 13. h3 Bxf3 14. gxf3 Qd7 15.
Kh2 Rab8 16. b3 Bxc3 17. Rb1 Bg7 18. Rg1 Qe6 19. Qc2 Nxd3 20. Qxd3 d5 21. cxd5
cxd5 22. f4 Qd6 23. Bg3 Nxg3 24. Rxg3 Rb6 25. Rd1 Rd8 26. Kh1 Qf6 27. f5 g5 28.
h4 gxh4 29. Rg2 Kh8 30. Rdg1 Rg8 31. Qxd5 h3 32. Rg3 Qc6 33. Qxc6 Rxc6 34. Rxh3
Rc2 35. a4 Rxf2 36. Rd1 Kh7 37. Rh2 Rxf5 38. Rd7 Be5 39. Rg2 Rf1+ 0-1

[Event "BEM 02 U18/U16"]
[Site "Salzgitter-Lebenstedt"]
[Date "2002.09.30"]
[Round "5.3"]
[White "Flassig, Stefan"]
[Black "Habekost, Drees"]
[Result "1/2-1/2"]
[WhiteElo "1343"]
[BlackElo "1261"]
[PlyCount "62"]
[EventDate "2002.09.28"]

1. e4 c5 2. c3 d6 3. d4 cxd4 4. cxd4 Nf6 5. Nc3 g6 6. g3 Bg7 7. Bg2 O-O 8. Nge2
e6 9. O-O Nbd7 10. h3 e5 11. dxe5 dxe5 12. Be3 a6 13. Nd5 b5 14. b4 Bb7 15.
Nec3 Rc8 16. Qd2 Nxd5 17. Nxd5 Bxd5 18. Qxd5 Nb6 19. Qb7 Nc4 20. Bc5 Rxc5 21.
bxc5 Qa8 22. Qd5 Rd8 23. Qxa8 Rxa8 24. a4 Rc8 25. Rfc1 Rxc5 26. axb5 axb5 27.
Bf1 Bf8 28. Bxc4 bxc4 29. Ra4 c3 30. Kf1 Bh6 31. Rc2 Bd2 1/2-1/2

[Event "BEM 02 U18/U16"]
[Site "Salzgitter-Lebenstedt"]
[Date "2002.09.30"]
[Round "5.4"]
[White "Tomanek, Christian"]
[Black "Schröder, Janet"]
[Result "0-1"]
[WhiteElo "948"]
[BlackElo "1289"]
[PlyCount "90"]
[EventDate "2002.09.28"]

1. e4 e6 2. Nc3 d5 3. exd5 exd5 4. d4 Nf6 5. Bg5 Bb4 6. Bd3 h6 7. Bh4 c6 8.
Nge2 Qd6 9. Bxf6 Qxf6 10. O-O O-O 11. Qd2 Bd6 12. Rfe1 Kh8 13. Qe3 Qh4 14. Ng3
Bxg3 15. hxg3 Qd8 16. Re2 Be6 17. Rae1 Nd7 18. Qf3 Qg5 19. Na4 Bg4 20. Qf4 Qxf4
21. gxf4 Bxe2 22. Rxe2 Rfe8 23. Rd2 g6 24. f5 g5 25. c4 dxc4 26. Bxc4 b5 27.
Bxf7 Re1+ 28. Kh2 bxa4 29. Bh5 Nf6 30. Bf3 Rc1 31. Re2 g4 32. Re6 gxf3 33. Rxf6
fxg2 34. Rxh6+ Kg7 35. Rg6+ Kf7 36. Kxg2 Rg8 37. Rxg8 Kxg8 38. b3 axb3 39. axb3
Kf7 40. Kg3 Rc3+ 41. Kg4 Rxb3 42. Kf4 Kf6 43. Ke4 a5 44. d5 cxd5+ 45. Kxd5 a4
0-1

[Event "BEM 02 U18/U16"]
[Site "Salzgitter-Lebenstedt"]
[Date "2002.09.30"]
[Round "5.5"]
[White "Bazan, Jan-Lennart"]
[Black "Köhn, Christoph"]
[Result "1/2-1/2"]
[WhiteElo "1134"]
[BlackElo "1226"]
[PlyCount "110"]
[EventDate "2002.09.28"]

1. d4 e6 2. c4 d5 3. Nc3 Bb4 4. Bd2 Bxc3 5. Bxc3 dxc4 6. e3 b5 7. b3 Ba6 8. Be2
Ne7 9. Nf3 Nd5 10. Bb2 c3 11. Ba3 c6 12. Ne5 Qa5 13. Qc1 b4 14. Bxa6 Nxa6 15.
Nxc6 Qb6 16. Nxb4 Naxb4 17. O-O O-O 18. e4 Nf6 19. Qxc3 Rab8 20. e5 Rfc8 21.
Qxb4 Qxb4 22. Bxb4 Rxb4 23. exf6 g6 24. Rac1 Rxc1 25. Rxc1 h6 26. Rc7 Rxd4 27.
f3 Rd1+ 28. Kf2 Rd2+ 29. Ke3 Rxa2 30. Rb7 Ra3 31. Kd4 a5 32. g3 a4 33. bxa4
Rxa4+ 34. Ke3 Ra3+ 35. Kf2 Ra2+ 36. Kg1 Kh7 37. Rb4 g5 38. h3 Kg6 39. f4 Kxf6
40. fxg5+ hxg5 41. h4 gxh4 42. Rxh4 Ra3 43. Kf2 Kg5 44. Rf4 f5 45. Rb4 e5 46.
Kg2 f4 47. gxf4+ exf4 48. Re4 f3+ 49. Kf2 Kf5 50. Re3 Rxe3 51. Kxe3 Kg4 52. Kf2
Kf4 53. Kf1 Kg3 54. Kg1 f2+ 55. Kf1 Kf3 1/2-1/2

[Event "BEM 02 U18/U16"]
[Site "Salzgitter-Lebenstedt"]
[Date "2002.09.30"]
[Round "6.1"]
[White "Flassig, Stefan"]
[Black "Jakobeit, David"]
[Result "0-1"]
[WhiteElo "1343"]
[BlackElo "1807"]
[PlyCount "66"]
[EventDate "2002.09.28"]

1. e4 c5 2. c3 d6 3. d4 Nf6 4. Bd3 Nc6 5. Ne2 g6 6. O-O Bg7 7. f4 cxd4 8. Nxd4
Nxd4 9. cxd4 Qb6 10. Kh1 Qxd4 11. Nc3 O-O 12. f5 Bd7 13. Qe2 Bc6 14. Be3 Qe5
15. Bf4 Qa5 16. Bd2 Qd8 17. g4 Nd7 18. Bc4 Ne5 19. Bd5 Bxd5 20. exd5 Nd7 21.
Rae1 Ne5 22. g5 gxf5 23. Rxf5 Rc8 24. h4 Qb6 25. Be3 Qb4 26. Rf4 Rc4 27. Rxc4
Nxc4 28. Bc1 Bxc3 29. bxc3 Qxc3 30. Qxe7 Qf3+ 31. Kh2 Qxd5 32. Re2 Ne5 33. Rd2
Nf3+ 0-1

[Event "BEM 02 U18/U16"]
[Site "Salzgitter-Lebenstedt"]
[Date "2002.09.30"]
[Round "6.2"]
[White "Barrmeyer, Konstantin"]
[Black "Schröder, Janet"]
[Result "1-0"]
[WhiteElo "1569"]
[BlackElo "1289"]
[PlyCount "63"]
[EventDate "2002.09.28"]

1. d4 d5 2. c4 Nf6 3. cxd5 Nxd5 4. e4 Nf6 5. e5 Nd5 6. Nc3 e6 7. Bc4 c6 8. Bd2
Bb4 9. Nge2 Nd7 10. f4 Qh4+ 11. g3 Qh3 12. Ng1 Qf5 13. Qb1 Qg4 14. Be2 Qg6 15.
Qxg6 hxg6 16. Nf3 b6 17. O-O Bb7 18. Nxd5 exd5 19. Bxb4 a5 20. Bd6 c5 21. dxc5
bxc5 22. Rac1 Rc8 23. b3 d4 24. Bb5 Bxf3 25. Rxf3 Kd8 26. Bxd7 Kxd7 27. Rxc5
Rc6 28. Rd3 Rhc8 29. Rxd4 Ke6 30. Rdc4 Rxc5 31. Rxc5 Ra8 32. a3 1-0